Mecánica para Ingeniería: Estática

Bibliographic Details
Main Authors: Bedford, Anthony, Fowler, Wallace
Format: Section = Libro
Language:Undetermined
Spanish
Published: México Pearson Educación 2008
Subjects:
LEADER 00590nam a2200229Ia 4500
008 241007s9999||||xx |||||||||||||| ||und||
020 |a 978-970-26-1215-5 
040 |a BIBLIOTECA-RURC/ 620.103 B411 
041 |a spa 
082 |a 620.103 B411 
100 1 |a Bedford, Anthony 
100 1 |b Fowler, Wallace 
245 1 0 |a Mecánica para Ingeniería: Estática 
260 |a México  |b Pearson Educación  |c 2008 
300 |a 632 p. :il. 
650 7 |a ESTATICA - MECANICA 
650 7 |b  EQUILIBRIO 
650 7 |c  FUERZA 
650 7 |d  NERCIA 
942 |c BK  |2 ddc 
991 |a TEXTO 
999 |c 14428